[Event "Open A Gorges"]
[Site "?"]
[Date "2018.07.07"]
[Round "1"]
[White "CHABRADZE, Boris"]
[Black "GODEBERT, Florian"]
[Result "1-0"]
[WhiteElo "2135"]
[BlackElo "1901"]
[PlyCount "51"]

1. e4 c5 2. Nf3 e6 3. d4 cxd4 4. Nxd4 Nf6 5. Nc3 Bb4 6. e5 Nd5 7. Qg4 Kf8 8.
Bd2 Qa5 9. Nb3 Qc7 10. Nxd5 Bxd2+ 11. Nxd2 exd5 12. O-O-O Qxe5 13. Nf3 Qe4 14.
Qg5 f6 15. Qg3 Nc6 16. Qd6+ Qe7 17. Qxd5 g6 18. Bc4 Kg7 19. Rhe1 Qf8 20. Re2
Ne7 21. Qe4 Nc6 22. Rde1 Qc5 23. Qd5 f5 24. Qd3 Nb4 25. Re7+ Kf6 26. Rf7# 1-0

[Event "Open A Gorges"]
[Site "?"]
[Date "2018.07.07"]
[Round "1"]
[White "BOURDEAUX, Gabin"]
[Black "JOURDREN, Kevin"]
[Result "0-1"]
[WhiteElo "1894"]
[BlackElo "2056"]
[PlyCount "110"]
[SourceDate "2018.07.23"]

1. e4 c5 2. Nf3 a6 3. c3 e6 4. d4 d5 5. exd5 exd5 6. Be2 Nc6 7. O-O Nf6 8. Re1
Be7 9. dxc5 Bxc5 10. Bxa6+ Ne4 11. Rxe4+ dxe4 12. Qxd8+ Nxd8 13. Bb5+ Bd7 14.
Bxd7+ Kxd7 15. Ne5+ Ke6 16. Nc4 Nc6 17. Bf4 Rhd8 18. Nba3 Ra4 19. Bc7 Rd7 20.
Bb6 Bxa3 21. Nxa3 Ne5 22. Bd4 Nd3 23. Rb1 Nxb2 24. Rxb2 Rxa3 25. Kf1 f5 26. Ke2
Ra6 27. Ke3 b6 28. Kf4 h6 29. h4 g6 30. g4 Rd5 31. h5 g5+ 32. Ke3 b5 33. Bg7
Kf7 34. Bd4 Re6 35. gxf5 Rxf5 36. c4 bxc4 37. Rb7+ Ke8 38. a4 Rf3+ 39. Ke2 Ra3
40. Rb4 Rc6 41. Rb8+ Kd7 42. Rh8 Rxa4 43. Rh7+ Kc8 44. Rh8+ Kb7 45. Rh7+ Rc7
46. Rxh6 c3 47. Be3 c2 48. Rb6+ Kc8 49. Bc1 Ra1 50. Kd2 Rd7+ 51. Kxc2 Rc7+ 52.
Kb2 Raxc1 53. h6 R1c6 54. Rxc6 Rxc6 55. h7 Rh6 0-1

[Event "Open A Gorges"]
[Site "?"]
[Date "2018.07.07"]
[Round "1"]
[White "LE GOUIC, Brendan"]
[Black "MARTINEZ, Jean-Philippe"]
[Result "0-1"]
[WhiteElo "1817"]
[BlackElo "2028"]
[PlyCount "88"]
[SourceDate "2018.07.24"]

1. g3 g6 2. Bg2 Bg7 3. c4 c5 4. Qb3 Nc6 5. Nf3 Nf6 6. d3 O-O 7. e4 d6 8. O-O
Rb8 9. Nc3 Bd7 10. Bg5 h6 11. Bd2 a6 12. a4 Nb4 13. Na2 Nxa2 14. Qxa2 b5 15.
axb5 axb5 16. e5 Ng4 17. exd6 exd6 18. Bc3 bxc4 19. Bxg7 Kxg7 20. dxc4 Qb6 21.
Qa6 Be6 22. b3 Qxa6 23. Rxa6 Rxb3 24. Rxd6 Rc3 25. h3 Nf6 26. Nd2 Bxc4 27. Nxc4
Rxc4 28. Rc6 Rd8 29. Re1 Rc2 30. f4 Nh5 31. Rc7 Rdd2 32. Bf1 Rc3 33. Ree7 Rxg3+
34. Kh1 Rd1 35. Rxf7+ Kg8 36. Kh2 Rd2+ 37. Kh1 Re3 38. Rfd7 Ng3+ 39. Kg1 Rxd7
40. Bc4+ Kf8 41. Rxd7 Rc3 42. Rf7+ Ke8 43. Be6 Re3 44. Kf2 Rxe6 0-1

[Event "Open A Gorges"]
[Site "?"]
[Date "2018.07.07"]
[Round "1"]
[White "MIRAOUI, Karim"]
[Black "POURRAHNAMA, Amir"]
[Result "1-0"]
[WhiteElo "2002"]
[BlackElo "1791"]
[PlyCount "63"]
[SourceDate "2018.07.24"]

1. d4 Nf6 2. Nf3 d6 3. g3 g6 4. Bg2 Bg7 5. O-O O-O 6. c4 c6 7. Nc3 Nbd7 8. e4
e5 9. dxe5 dxe5 10. Qe2 Qc7 11. h3 Re8 12. Be3 Nb6 13. Nd2 Be6 14. c5 Nc8 15.
Rfd1 Bf8 16. Rac1 Nh5 17. b4 Ng7 18. Nc4 f5 19. f4 Bxc4 20. Qxc4+ Kh8 21. fxe5
Qxe5 22. Bf4 Qe7 23. exf5 Nxf5 24. Ne4 Bg7 25. g4 Nh6 26. Qd3 Qf8 27. Rf1 Qg8
28. Bxh6 Bxh6 29. Nf6 Qe6 30. Nxe8 Qxe8 31. Rce1 Qg8 32. Qd7 1-0

[Event "Open A Gorges"]
[Site "?"]
[Date "2018.07.07"]
[Round "1"]
[White "FEGER, Rodolphe"]
[Black "MUNKHBAYAR, Janjaadorj"]
[Result "1-0"]
[WhiteElo "1742"]
[BlackElo "1981"]
[PlyCount "105"]
[SourceDate "2018.07.24"]

1. e4 c5 2. c3 d5 3. exd5 Qxd5 4. d4 Nf6 5. Nf3 Bg4 6. dxc5 Qxd1+ 7. Kxd1 e5 8.
b4 e4 9. h3 Bh5 10. g4 Nxg4 11. hxg4 Bxg4 12. Nbd2 Nc6 13. Kc2 exf3 14. Bd3 g6
15. Re1+ Kd7 16. Nc4 Bg7 17. a3 Be6 18. Bf4 Ne7 19. Rad1 Ke8 20. Nd6+ Kf8 21.
Nxb7 Bxc3 22. Rxe6 fxe6 23. Bd6 Bf6 24. Be4 Kg7 25. Bxe7 Bxe7 26. Rd7 Kf6 27.
Na5 Rad8 28. Rxa7 Rd4 29. Bxf3 Rf4 30. Bc6 Rxf2+ 31. Kb3 h5 32. Rd7 h4 33. Bb7
h3 34. c6 Rf3+ 35. Kc4 Rxa3 36. c7 h2 37. Rd1 Rh4+ 38. Kb5 Rxb4+ 39. Ka6 Rba4
40. c8=Q Rxa5+ 41. Kb6 Rh5 42. Rf1+ Kg7 43. Qe8 Rb3+ 44. Kc7 Rc5+ 45. Bc6 Bf6
46. Qd7+ Kh6 47. Qd2+ Kg7 48. Qd7+ Kh6 49. Qxe6 Be5+ 50. Kd7 Rd3+ 51. Ke8 Re3
52. Kf7 Bf4 53. Qxg6# 1-0

[Event "Open A Gorges"]
[Site "?"]
[Date "2018.07.07"]
[Round "1"]
[White "PRIMEL, Dominique"]
[Black "JOSSE, Mathilde"]
[Result "0-1"]
[WhiteElo "1951"]
[BlackElo "1734"]
[Annotator ",CLLFG"]
[PlyCount "70"]
[EventDate "2018.??.??"]
[SourceDate "2018.07.24"]

1. Nf3 Nf6 2. c4 g6 3. Nc3 Bg7 4. e4 d6 5. d4 O-O 6. Be2 Bg4 7. Be3 Nbd7 8. O-O
e5 9. d5 b6 10. Nd2 Bxe2 11. Qxe2 Ne8 12. b4 f5 13. f3 Nef6 14. Nb3 Nh5 15. c5
bxc5 16. bxc5 Nf4 17. Qd2 Qg5 18. Kh1 Qf6 19. Rac1 Rfb8 20. c6 Nb6 21. Na5 Rf8
22. Rb1 Nh5 23. Bg5 Qf7 24. exf5 gxf5 25. Rfd1 Nf6 26. Nb7 Qg6 27. a4 h6 28.
Bxf6 Bxf6 29. a5 Nc8 30. Nb5 Rf7 31. a6 Nb6 32. Na5 Rg7 33. g3 Qh5 34. Qe2 Kh7
35. Rg1 Nxd5 {(0-1 au 62ème coup)} 0-1

[Event "Open A Gorges"]
[Site "?"]
[Date "2018.07.07"]
[Round "1"]
[White "BRIAND, Amaury"]
[Black "FARDET, Elouan"]
[Result "1/2-1/2"]
[WhiteElo "1639"]
[BlackElo "1928"]
[PlyCount "65"]
[SourceDate "2018.07.24"]

1. e4 c6 2. d4 d5 3. Nc3 dxe4 4. Nxe4 Bf5 5. Ng3 Bg6 6. Nf3 e6 7. h4 h6 8. h5
Bh7 9. Bd3 Bxd3 10. Qxd3 Nf6 11. Bd2 Nbd7 12. O-O-O Qc7 13. Ne4 O-O-O 14. g3
Nxe4 15. Qxe4 Nf6 16. Qe2 c5 17. dxc5 Bxc5 18. Bf4 Qa5 19. Qc4 Qb4 20. Qxb4
Bxb4 21. Ne5 Rxd1+ 22. Kxd1 Ne4 23. Ke2 f6 24. Ng6 Rd8 25. f3 e5 26. fxe4 exf4
27. c3 f3+ 28. Kxf3 Bc5 29. Ke2 Re8 30. Kf3 Rd8 31. Ke2 Re8 32. Kf3 Rd8 33. Ke2
1/2-1/2

[Event "Open A Gorges"]
[Site "?"]
[Date "2018.07.07"]
[Round "1"]
[White "ROSER, Lionel"]
[Black "CAMUS, Harold"]
[Result "1-0"]
[WhiteElo "1906"]
[BlackElo "1599"]
[PlyCount "99"]
[SourceDate "2018.07.24"]

1. e4 e5 2. Nf3 Nc6 3. d4 exd4 4. Bc4 h6 5. O-O Bc5 6. c3 Na5 7. Bxf7+ Kxf7 8.
b4 d6 9. bxa5 Bg4 10. cxd4 Qf6 11. Qb3+ Kg6 12. e5 dxe5 13. Nxe5+ Kh7 14. Qc2+
Bf5 15. Qxc5 Ne7 16. Ba3 Ng6 17. Nxg6 Bxg6 18. Nc3 b6 19. axb6 axb6 20. Qb4 c5
21. dxc5 bxc5 22. Qb2 Rhb8 23. Qc1 Bd3 24. Re1 c4 25. Bc5 Ra5 26. Be3 Kg8 27.
Qd2 Rb7 28. Ne4 Qd8 29. Nc5 Rbb5 30. Nxd3 cxd3 31. Rab1 Qd5 32. Rxb5 Qxb5 33.
h3 Qe5 34. Rb1 Qd5 35. Rb3 Qe5 36. Rxd3 Qa1+ 37. Qd1 Rxa2 38. Qxa1 Rxa1+ 39.
Kh2 Ra6 40. Rd7 g5 41. Kg3 Re6 42. Kg4 Rg6 43. Bd4 Re6 44. Kf5 Ra6 45. Rg7+ Kf8
46. Rg6 Ra5+ 47. Ke4 h5 48. Rf6+ Ke7 49. Rf5 Rxf5 50. Kxf5 1-0

[Event "Open A Gorges"]
[Site "?"]
[Date "2018.07.07"]
[Round "2"]
[White "MIRAOUI, Karim"]
[Black "CHABRADZE, Boris"]
[Result "1/2-1/2"]
[WhiteElo "2002"]
[BlackElo "2135"]
[PlyCount "35"]
[SourceDate "2018.07.24"]

1. d4 Nf6 2. Nf3 d6 3. g3 c6 4. Bg2 Nbd7 5. O-O Qc7 6. c4 e5 7. Nc3 Be7 8. dxe5
dxe5 9. b3 O-O 10. Qc2 Re8 11. Bb2 a5 12. Rad1 Bf8 13. e3 h6 14. Nd2 Nc5 15.
Nde4 Nfxe4 16. Nxe4 Be6 17. Nxc5 Bxc5 18. Qc3 1/2-1/2

[Event "Open A Gorges"]
[Site "?"]
[Date "2018.07.07"]
[Round "2"]
[White "JOURDREN, Kevin"]
[Black "ROSER, Lionel"]
[Result "1-0"]
[WhiteElo "2056"]
[BlackElo "1906"]
[PlyCount "85"]
[SourceDate "2018.07.24"]

1. e4 Nc6 2. Nf3 d6 3. d4 Nf6 4. Nc3 Bg4 5. Be2 e6 6. Be3 Be7 7. Nd2 Bxe2 8.
Qxe2 a6 9. O-O O-O 10. f4 e5 11. Nf3 Ng4 12. Rad1 Nxe3 13. Qxe3 exf4 14. Qxf4
Qd7 15. Qf5 Qxf5 16. exf5 Rae8 17. Nd5 Bd8 18. Rde1 Ne7 19. Nxe7+ Rxe7 20. Rxe7
Bxe7 21. Re1 Re8 22. Kf2 Kf8 23. c3 Bf6 24. Rxe8+ Kxe8 25. Ke3 Kd7 26. Ke4 c6
27. d5 h6 28. g4 c5 29. h4 Bd8 30. g5 hxg5 31. hxg5 b5 32. b3 Be7 33. Kf4 Bd8
34. Nd2 Be7 35. Ne4 Bd8 36. Kg4 f6 37. gxf6 gxf6 38. Kh5 Ke7 39. Kg6 Ba5 40. c4
bxc4 41. bxc4 Be1 42. Nxf6 Bc3 43. Nh7 1-0

[Event "Open A Gorges"]
[Site "?"]
[Date "2018.07.07"]
[Round "2"]
[White "JOSSE, Mathilde"]
[Black "LE PEN, Steven"]
[Result "1/2-1/2"]
[WhiteElo "1734"]
[BlackElo "2044"]
[PlyCount "38"]
[SourceDate "2018.07.24"]

1. e4 c5 2. Nf3 d6 3. Bb5+ Nd7 4. c3 Ngf6 5. Qe2 g6 6. O-O Bg7 7. d4 cxd4 8.
cxd4 a6 9. Bc4 e5 10. Rd1 Qc7 11. Nc3 O-O 12. dxe5 dxe5 13. Bg5 Nb6 14. Bb3 h6
15. Bh4 g5 16. Bg3 Nh5 17. Rac1 Nxg3 18. hxg3 Qe7 19. Qe3 Qb4 1/2-1/2

[Event "Open A Gorges"]
[Site "?"]
[Date "2018.07.07"]
[Round "2"]
[White "MARTINEZ, Jean-Philippe"]
[Black "FEGER, Rodolphe"]
[Result "0-1"]
[WhiteElo "2028"]
[BlackElo "1742"]
[PlyCount "92"]
[SourceDate "2018.07.24"]

1. c4 Nf6 2. Nc3 g6 3. g3 Bg7 4. Bg2 O-O 5. d3 d6 6. Bg5 h6 7. Bd2 Kh7 8. e4 e5
9. Nge2 Nc6 10. O-O a5 11. h3 Nb4 12. Be3 c5 13. Nd5 Nc6 14. f4 exf4 15. gxf4
Nxd5 16. cxd5 Ne7 17. Qd2 b5 18. d4 c4 19. Ng3 Bb7 20. f5 Ng8 21. fxg6+ fxg6
22. Rxf8 Qxf8 23. b3 cxb3 24. axb3 b4 25. Rc1 Rc8 26. Ne2 Rxc1+ 27. Qxc1 Qc8
28. Qxc8 Bxc8 29. Kf2 g5 30. Ng3 Kg6 31. Ke2 Ne7 32. Bg1 Bd7 33. Ke3 h5 34. Bh2
g4 35. hxg4 hxg4 36. Ne2 Bh6+ 37. Bf4 Bxf4+ 38. Kxf4 Kh5 39. e5 Ng6+ 40. Ke4
Kg5 41. exd6 Nh4 42. Bf1 Nf5 43. Ke5 Ne3 44. Ng3 Nxf1 45. Nxf1 a4 46. Ke4 a3
0-1

[Event "Open A Gorges"]
[Site "?"]
[Date "2018.07.07"]
[Round "2"]
[White "FARDET, Elouan"]
[Black "MUNKHBAYAR, Janjaadorj"]
[Result "0-1"]
[WhiteElo "1928"]
[BlackElo "1961"]
[PlyCount "90"]
[SourceDate "2018.07.24"]

1. e4 c5 2. Nf3 Nc6 3. d4 cxd4 4. Nxd4 Nf6 5. Nc3 e5 6. Ndb5 d6 7. Bg5 a6 8.
Na3 b5 9. Nd5 Be7 10. Bxf6 Bxf6 11. c3 O-O 12. Nc2 Bg5 13. Be2 Be6 14. O-O g6
15. a4 bxa4 16. Rxa4 a5 17. Re1 Rb8 18. b4 axb4 19. cxb4 Bxd5 20. exd5 Ne7 21.
Na3 Nf5 22. Nb5 Qd7 23. Ra5 Rb7 24. Qa4 Rfb8 25. Rb1 Kg7 26. Rb2 Bd8 27. Ra8
Bb6 28. Ra2 Ne7 29. Rxb8 Rxb8 30. Qb3 Rc8 31. Ra1 Qf5 32. Rf1 Qf6 33. Qa2 Nf5
34. Qa6 Rb8 35. h3 Ng3 36. Qa2 Nxf1 37. Bxf1 Rc8 38. Qd2 e4 39. Nc3 Rxc3 40. g4
Rg3+ 41. Kh2 Rf3 42. Bg2 Rxf2 43. Qc1 e3 44. Qc6 e2 45. Qxb6 Qf4+ 0-1

[Event "Open A Gorges"]
[Site "?"]
[Date "2018.07.07"]
[Round "2"]
[White "GODEBERT, Florian"]
[Black "BRIAND, Amaury"]
[Result "0-1"]
[WhiteElo "1901"]
[BlackElo "1639"]
[PlyCount "38"]
[SourceDate "2018.07.24"]

1. d4 d5 2. Bf4 Nf6 3. e3 Bf5 4. c4 dxc4 5. Bxc4 e6 6. Nc3 c6 7. Nf3 Nbd7 8. h3
h6 9. Qe2 Be7 10. O-O O-O 11. Rfd1 Nb6 12. Bb3 Nbd5 13. Bh2 Bb4 14. Nxd5 cxd5
15. Rac1 Bd6 16. Ne5 Rc8 17. Bc2 Qc7 18. Qe1 Bxc2 19. Rxc2 Qxc2 0-1

[Event "Open A Gorges"]
[Site "?"]
[Date "2018.07.07"]
[Round "2"]
[White "POURRAHNAMA, Amir"]
[Black "PRIMEL, Dominique"]
[Result "1/2-1/2"]
[WhiteElo "1791"]
[BlackElo "1951"]
[PlyCount "92"]
[SourceDate "2018.07.24"]

1. d4 Nf6 2. c4 e6 3. Nc3 Bb4 4. a3 Bxc3+ 5. bxc3 c5 6. Qc2 Qa5 7. Bd2 Nc6 8.
e3 d6 9. Nf3 e5 10. d5 Ne7 11. Bd3 Bd7 12. e4 h6 13. O-O Ng6 14. Qc1 Nh5 15.
Re1 Nhf4 16. Bf1 Ba4 17. g3 Nh5 18. Bd3 Qa6 19. Be3 O-O-O 20. Nd2 Nf6 21. h3
Rde8 22. Qb2 h5 23. Rab1 h4 24. g4 Nf4 25. Bxf4 exf4 26. Nf3 Nd7 27. Qd2 Ne5
28. Nxe5 dxe5 29. Rb2 Rh6 30. Reb1 Re7 31. Be2 g5 32. f3 Rd7 33. Bd3 Rb6 34.
Qe2 Re7 35. Rxb6 axb6 36. Qb2 Qa5 37. Kf2 Rd7 38. Ke2 Rd6 39. Kd2 Kc7 40. Bc2
Bd7 41. Bd1 Be8 42. Qb3 Rd8 43. Ra1 Ra8 44. Bc2 Ra6 45. Rb1 f6 46. Bd3 Bd7
1/2-1/2

[Event "Open A Gorges"]
[Site "?"]
[Date "2018.07.07"]
[Round "2"]
[White "CAMUS, Harold"]
[Black "BOURDEAUX, Gabin"]
[Result "0-1"]
[WhiteElo "1599"]
[BlackElo "1894"]
[PlyCount "160"]
[SourceDate "2018.07.24"]

1. e4 c5 2. Nf3 e6 3. d4 cxd4 4. Nxd4 Nc6 5. Nc3 Qc7 6. Be3 a6 7. a3 Nf6 8. Be2
b5 9. O-O Bb7 10. Nxc6 Bxc6 11. Bf3 Be7 12. Qd3 O-O 13. Rfd1 Rfd8 14. h3 Rac8
15. Rac1 Ba8 16. Ne2 d5 17. exd5 Nxd5 18. Nd4 Nxe3 19. Qxe3 Bc5 20. Bxa8 Rxa8
21. b4 Ba7 22. Qe4 Bxd4 23. Rxd4 Rac8 24. Rcd1 Rxd4 25. Qxd4 h6 26. Rd2 Qc3 27.
Qd7 Rf8 28. Qd3 Rc8 29. Qd7 Rc4 30. Qd8+ Kh7 31. Qd3+ g6 32. Qxc3 Rxc3 33. Rd3
Rxd3 34. cxd3 Kg7 35. f4 g5 36. fxg5 hxg5 37. Kf2 Kf6 38. Ke3 Ke5 39. g3 f5 40.
h4 Kf6 41. h5 g4 42. d4 Kg5 43. h6 Kxh6 44. Kf4 Kg6 45. Ke5 Kg5 46. Kxe6 f4 47.
gxf4+ Kxf4 48. d5 g3 49. d6 g2 50. d7 g1=Q 51. d8=Q Qg6+ 52. Kd7 Qd3+ 53. Kc7
Qxa3 54. Qh4+ Ke5 55. Qg5+ Kd4 56. Qc5+ Kd3 57. Qf5+ Kc3 58. Qc5+ Kb3 59. Qd6
Qxb4 60. Qxa6 Qc4+ 61. Kb7 b4 62. Qh6 Ka3 63. Qd2 b3 64. Qe3 Ka2 65. Qa7+ Kb1
66. Qg1+ Qc1 67. Qg6+ Ka2 68. Qe6 Qc2 69. Qa6+ Kb1 70. Qf1+ Qc1 71. Qf5+ Ka2
72. Qe6 Qa3 73. Qf5 Qe7+ 74. Ka6 Qe3 75. Qa5+ Kb1 76. Qa3 Qe2+ 77. Ka5 Qa2 78.
Kb4 Qxa3+ 79. Kxa3 b2 80. Kb3 Kc1 0-1

[Event "Open A Gorges"]
[Site "?"]
[Date "2018.07.07"]
[Round "2"]
[White "SWATEK, Wojciech"]
[Black "LE GOUIC, Brendan"]
[Result "0-1"]
[WhiteElo "1877"]
[BlackElo "1817"]
[PlyCount "74"]
[SourceDate "2018.07.24"]

1. d4 d5 2. Nf3 e6 3. g3 Be7 4. Bg2 Nd7 5. O-O g5 6. c4 c6 7. Nc3 h5 8. e4 g4
9. Nd2 Nb6 10. b3 Bf6 11. e5 Bg5 12. c5 Nd7 13. f4 gxf3 14. Qxf3 Qe7 15. b4 h4
16. g4 Nh6 17. h3 O-O 18. Qd3 b6 19. Ba3 Ba6 20. b5 cxb5 21. Nxd5 exd5 22. Bxd5
Nxe5 23. dxe5 b4 24. Qe4 Qxc5+ 25. Rf2 Bxd2 26. Bb2 Rfd8 27. Qg6+ Kf8 28. Bxf7
Be3 29. Kh2 Bxf2 30. Qxh6+ Kxf7 31. e6+ Ke8 32. Qg6+ Ke7 33. Qf6+ Kd6 34. e7+
Kc7 35. exd8=Q+ Rxd8 36. Rc1 Bg3+ 37. Kg2 Rd2+ 0-1

[Event "Open A Gorges"]
[Site "?"]
[Date "2018.07.07"]
[Round "2"]
[White "FEGER, Rodolphe"]
[Black "JOURDREN, Kevin"]
[Result "0-1"]
[WhiteElo "1742"]
[BlackElo "2056"]
[PlyCount "66"]
[SourceDate "2018.07.24"]

1. e4 c5 2. c3 d5 3. exd5 Qxd5 4. d4 Nc6 5. Nf3 Bg4 6. Be2 e6 7. h3 Bh5 8. c4
Qd7 9. d5 Bxf3 10. Bxf3 Nd4 11. O-O O-O-O 12. Nc3 Nf6 13. Bg5 h6 14. Bxf6 gxf6
15. dxe6 fxe6 16. Bh5 Qc6 17. Qg4 Be7 18. Qe4 Qxe4 19. Nxe4 f5 20. Nc3 Bf6 21.
Rac1 b6 22. f4 Bh4 23. Ne2 Nxe2+ 24. Bxe2 Rd2 25. Bf3 Rxb2 26. Ra1 Rd8 27. a4
a5 28. Rab1 Rdd2 29. Rfd1 Rxd1+ 30. Rxd1 Bg3 31. Rd6 Kc7 32. Rc6+ Kd7 33. Kf1
Rf2+ 0-1

[Event "Open A Gorges"]
[Site "?"]
[Date "2018.07.07"]
[Round "3"]
[White "CHABRADZE, Boris"]
[Black "JOSSE, Mathilde"]
[Result "1-0"]
[WhiteElo "2135"]
[BlackElo "1734"]
[PlyCount "71"]
[SourceDate "2018.07.25"]

1. e4 c5 2. Nf3 Nf6 3. Nc3 d5 4. exd5 Nxd5 5. Bc4 e6 6. Qe2 Nxc3 7. dxc3 Nc6 8.
Bg5 Be7 9. Rd1 Qc7 10. O-O O-O 11. Qe4 h6 12. Bf4 Qb6 13. Bd3 f5 14. Qe3 Qxb2
15. Bc4 Rf6 16. Bd6 Qxc2 17. Bxe7 Nxe7 18. Rd8+ Kh7 19. Qxc5 Nc6 20. Bb3 Qe4
21. Re8 b6 22. Qd6 Bb7 23. Rxa8 Bxa8 24. Re1 e5 25. Qc7 Qg4 26. Qc8 Ne7 27.
Qxa8 e4 28. Ne5 Qf4 29. Nf7 Kg6 30. Qe8 Kh7 31. Qxe7 Qd2 32. Rd1 Qe2 33. Ne5 e3
34. fxe3 Qxe3+ 35. Kh1 h5 36. Qe8 1-0

[Event "Open A Gorges"]
[Site "?"]
[Date "2018.07.07"]
[Round "3"]
[White "BRIAND, Amaury"]
[Black "MIRAOUI, Karim"]
[Result "0-1"]
[WhiteElo "1639"]
[BlackElo "2002"]
[PlyCount "58"]
[SourceDate "2018.07.25"]

1. e4 c5 2. Nf3 d6 3. d4 cxd4 4. Nxd4 Nf6 5. Nc3 a6 6. f3 e5 7. Nb3 Be6 8. Be3
Nbd7 9. g4 h6 10. Qd2 Be7 11. O-O-O b5 12. Bd3 Qc7 13. h4 b4 14. Ne2 d5 15. g5
dxe4 16. gxf6 exd3 17. fxg7 Rg8 18. Qxd3 a5 19. Qh7 Nf6 20. Qxh6 a4 21. Na1 b3
22. Bg5 Nd5 23. f4 Ne3 24. Rd2 a3 25. axb3 axb2+ 26. Kxb2 Qa5 27. Qh7 Qa3+ 28.
Kc3 Bb4+ 29. Kd3 Bf5+ 0-1

[Event "Open A Gorges"]
[Site "?"]
[Date "2018.07.07"]
[Round "3"]
[White "MUNKHBAYAR, Jannjaadorj"]
[Black "BOURDEAUX, Gabin"]
[Result "1-0"]
[WhiteElo "1981"]
[BlackElo "1894"]
[PlyCount "67"]
[SourceDate "2018.07.25"]

1. d4 Nf6 2. c4 g6 3. Nc3 Bg7 4. e4 d6 5. f3 O-O 6. Be3 e5 7. d5 Nh5 8. Qd2 f5
9. Bg5 Nf6 10. Bd3 f4 11. Nge2 Nbd7 12. g4 h6 13. Bh4 Nxe4 14. Bxd8 Nxd2 15.
Kxd2 Rxd8 16. Bxg6 Nf8 17. Bd3 c6 18. Ne4 cxd5 19. cxd5 b6 20. h4 Bb7 21. N2c3
Nd7 22. g5 Nc5 23. gxh6 Bxh6 24. Rhg1+ Kf7 25. Bc2 Nxe4+ 26. Bxe4 Rg8 27. Bf5
Rg3 28. Be6+ Ke7 29. Ne4 Rxf3 30. Rac1 Rg3 31. Rc7+ Kd8 32. Rd7+ Ke8 33. Nf6+
Kf8 34. Rf7# 1-0

[Event "Open A Gorges"]
[Site "?"]
[Date "2018.07.07"]
[Round "3"]
[White "ROSER, Lionel"]
[Black "LE GOUIC, Brendan"]
[Result "1/2-1/2"]
[WhiteElo "1906"]
[BlackElo "1817"]
[PlyCount "152"]
[SourceDate "2018.07.25"]

1. e4 e6 2. d4 d5 3. Nd2 Nf6 4. e5 Nfd7 5. f4 c5 6. c3 Nc6 7. Ndf3 a6 8. Bd3 b5
9. Ne2 Qb6 10. O-O b4 11. Kh1 g6 12. Be3 a5 13. Rc1 Ba6 14. Bb1 Qb5 15. Ng3 a4
16. Rf2 c4 17. Ne2 Nb6 18. g4 a3 19. bxa3 b3 20. Ng3 Bxa3 21. f5 Bxc1 22. Qxc1
Na4 23. fxe6 fxe6 24. Ng5 Nd8 25. Qa3 Nxc3 26. Nxh7 Rxh7 27. Rf8+ Kd7 28. Qd6+
Kc8 29. Qxd8+ Kb7 30. Qxa8+ Kb6 31. Qb8+ Rb7 32. Qd8+ Rc7 33. a4 Qxa4 34. Qd6+
Rc6 35. Qd8+ Kb5 36. Bxg6 b2 37. Qb8+ Rb6 38. Qe8+ Ka5 39. Qxa4+ Kxa4 40. Bc2+
Ka3 41. Rf1 b1=Q 42. Bxb1 Nxb1 43. g5 c3 44. Rc1 Bd3 45. h4 Kb2 46. Nf1 Rb4 47.
Rd1 Bg6 48. Bc1+ Kc2 49. Ne3+ Kb3 50. Kg2 c2 51. Rf1 Rxd4 52. Rf6 Be4+ 53. Kf2
Rd1 54. Nxc2 Rxc1 55. Ne1 Bf5 56. g6 Rc7 57. Rf7 Rc8 58. g7 Rg8 59. h5 Nc3 60.
h6 Ne4+ 61. Ke3 Ng5 62. Rf8 Bh7 63. Kd4 Kb4 64. Nd3+ Kb5 65. Nf4 Nf3+ 66. Ke3
Nxe5 67. Nxe6 Ng4+ 68. Kd4 Nxh6 69. Kxd5 Nf5 70. Rxg8 Ne7+ 71. Ke5 Bxg8 72. Kf6
Nd5+ 73. Ke5 Kc6 74. Nf8 Kc7 75. Nh7 Bxh7 76. Kxd5 Kd7 1/2-1/2

[Event "Open A Gorges"]
[Site "?"]
[Date "2018.07.07"]
[Round "3"]
[White "PRIMEL, Dominique"]
[Black "FARDET, Elouan"]
[Result "0-1"]
[WhiteElo "1951"]
[BlackElo "1928"]
[PlyCount "100"]
[SourceDate "2018.07.25"]

1. Nf3 Nf6 2. c4 g6 3. Nc3 Bg7 4. e4 d6 5. d4 O-O 6. Be2 e5 7. Be3 Ng4 8. Bg5
f6 9. Bh4 g5 10. Bg3 Nh6 11. dxe5 dxe5 12. Qd5+ Kh8 13. Qxd8 Rxd8 14. h4 g4 15.
Nd2 c6 16. O-O-O Be6 17. f3 gxf3 18. gxf3 Nd7 19. Bf2 Bf8 20. Be3 Nf7 21. Kc2
Bc5 22. Bxc5 Nxc5 23. b4 Nd7 24. Rhg1 Nf8 25. Rg3 Ng6 26. Rh1 Nf4 27. Bf1 Rd7
28. Rh2 Rad8 29. Nb3 b6 30. a3 Nd6 31. Nd2 Ne8 32. Nb3 Nc7 33. a4 Bf7 34. a5
Nce6 35. axb6 axb6 36. b5 Nd4+ 37. Nxd4 Rxd4 38. Kb3 cxb5 39. Nxb5 Rd1 40. Bh3
Re1 41. Na3 Re3+ 42. Kb2 Rdd3 43. Nb1 Rb3+ 44. Kc2 Ne6 45. Bxe6 Bxe6 46. Rhg2
Rxf3 47. Rg7 h5 48. R7g6 Bg4 49. Rh6+ Kg7 50. Rxh5 Rg3 0-1

[Event "Open A Gorges"]
[Site "?"]
[Date "2018.07.07"]
[Round "3"]
[White "SWATEK, Wojciech"]
[Black "POURRAHNAMA, Amir"]
[Result "1-0"]
[WhiteElo "1877"]
[BlackElo "1791"]
[PlyCount "66"]
[SourceDate "2018.07.25"]

1. d4 Nf6 2. Nf3 e6 3. g3 Be7 4. Bg2 O-O 5. O-O d6 6. Re1 c5 7. c4 Nc6 8. Nc3
a6 9. e4 cxd4 10. Nxd4 Nxd4 11. Qxd4 e5 12. Qd3 Be6 13. h3 Rc8 14. b3 Nd7 15.
Bb2 Nc5 16. Qd2 Bg5 17. Qe2 Qd7 18. Kh2 f5 19. exf5 Bxf5 20. Rad1 Rfe8 21. b4
Ne6 22. Ne4 Bxe4 23. Bxe4 Qf7 24. Kg1 Be7 25. Bxb7 Rb8 26. Bd5 Rxb4 27. Rd2 Kh8
28. Qg4 Reb8 29. Bxe6 Qf6 30. Bc3 Rb1 31. Rxb1 Rxb1+ 32. Kg2 Qh6 33. Bd5 Qf6
1-0

[Event "Open A Gorges"]
[Site "?"]
[Date "2018.07.07"]
[Round "3"]
[White "CAMUS, Harold"]
[Black "GODEBERT, Florian"]
[Result "0-1"]
[WhiteElo "1599"]
[BlackElo "1901"]
[PlyCount "58"]
[SourceDate "2018.07.25"]

1. e4 c5 2. Nf3 e6 3. d4 cxd4 4. Nxd4 a6 5. Be3 Nf6 6. Nd2 Qc7 7. Bd3 Nc6 8.
O-O h5 9. a3 Ng4 10. N2f3 Bd6 11. h3 Nxe3 12. fxe3 Ne5 13. Qe2 b6 14. Ng5 f6
15. Ngf3 Bb7 16. b4 Ke7 17. Rac1 Qc3 18. Ra1 g5 19. Rfb1 g4 20. Nxe5 Bxe5 21.
hxg4 hxg4 22. Kf2 f5 23. Rh1 g3+ 24. Kf3 fxe4+ 25. Bxe4 Raf8+ 26. Kg4 Rhg8+ 27.
Kh5 Bxe4 28. Raf1 Rh8+ 29. Kg5 Rfg8# 0-1

[Event "Open A Gorges"]
[Site "?"]
[Date "2018.07.08"]
[Round "4"]
[White "JOURDREN, Kevin"]
[Black "CHABRADZE, Boris"]
[Result "1-0"]
[WhiteElo "2056"]
[BlackElo "2135"]
[PlyCount "51"]
[SourceDate "2018.07.25"]

1. e4 c5 2. Nf3 d6 3. d4 cxd4 4. Nxd4 Nf6 5. Nc3 a6 6. Bg5 e6 7. f4 Be7 8. Qf3
Qa5 9. Nb3 Qc7 10. O-O-O Bd7 11. Bd3 Nc6 12. Rhe1 O-O 13. h4 Rac8 14. Kb1 b5
15. g4 b4 16. e5 dxe5 17. Bxf6 bxc3 18. Qe4 g6 19. fxe5 Bxf6 20. exf6 e5 21. h5
Nd4 22. Qe3 Qd6 23. Rf1 Kh8 24. Qh6 Rg8 25. hxg6 fxg6 26. Rh1 1-0

[Event "Open A Gorges"]
[Site "?"]
[Date "2018.07.08"]
[Round "4"]
[White "MIRAOUI, Karim"]
[Black "LE PEN, Steven"]
[Result "0-1"]
[WhiteElo "2002"]
[BlackElo "2044"]
[PlyCount "98"]
[SourceDate "2018.07.25"]

1. d4 Nf6 2. Nf3 g6 3. g3 Bg7 4. Bg2 O-O 5. O-O d5 6. c4 dxc4 7. Qc2 Bf5 8.
Qxc4 Nbd7 9. Nc3 Nb6 10. Qb3 Ne4 11. Rd1 a5 12. a4 Nxc3 13. bxc3 Qd5 14. Qa3
Qd6 15. Bf4 Qxa3 16. Rxa3 c6 17. Ne5 Bxe5 18. dxe5 Rfd8 19. Rc1 Be6 20. Raa1
Rd7 21. Be3 Nc4 22. Bd4 Nd2 23. Rd1 Nb3 24. Rab1 Rad8 25. Re1 c5 26. Be3 c4 27.
Bb6 Rc8 28. Rbd1 Kf8 29. Rxd7 Bxd7 30. Rd1 Bxa4 31. Bxb7 Rb8 32. Rd8+ Rxd8 33.
Bxd8 Bb5 34. Be4 Nd2 35. Bxa5 Nxe4 36. f3 Nd2 37. Kf2 e6 38. e4 Ke8 39. Ke2 Nb3
40. Bb4 Nc1+ 41. Ke3 Nd3 42. Ba3 Nxe5 43. h4 Kd7 44. Kf4 f6 45. g4 Nd3+ 46. Ke3
Ne1 47. Bf8 Ng2+ 48. Kd4 Kc6 49. h5 e5# 0-1